[Event "Solingen"]
[Site "IX. Karnevals-Open"]
[Date "2018.02.11"]
[Round "4.24"]
[White "Scheffner, Jarno"]
[Black "Rades, Andreas"]
[Result "1-0"]
[WhiteElo "1800"]
[BlackElo "1514"]
[PlyCount "41"]
[EventDate "2018.??.??"]
[WhiteTeam "SK Nordhorn-Blanke"]
[BlackTeam "MTV Langenberg"]

1. e4 c6 2. d4 d5 3. Nc3 dxe4 4. Nxe4 Nd7 5. Nf3 Ngf6 6. Nxf6+ Nxf6 7. Bc4 Bf5
8. Qe2 e6 9. c3 Be7 10. Ne5 O-O 11. Bg5 Nd5 12. Bd2 Bg5 13. g4 Bxd2+ 14. Qxd2
Be4 15. f3 Nb6 16. fxe4 Qh4+ 17. Qf2 Qxf2+ 18. Kxf2 f6 19. Bxe6+ Kh8 20. Nf7+
Rxf7 21. Bxf7 1-0

[Event "Solingen"]
[Site "IX. Karnevals-Open"]
[Date "2018.02.11"]
[Round "4.25"]
[White "Bigott, Martin"]
[Black "Egel, Jonas"]
[Result "1/2-1/2"]
[WhiteElo "1793"]
[BlackElo "1796"]
[PlyCount "100"]
[EventDate "2018.??.??"]
[WhiteTeam "SF Lohmar"]
[BlackTeam "SC Solingen 28"]

1. Nf3 d5 2. d4 Nf6 3. Bg5 h6 4. Bxf6 exf6 5. e3 c6 6. c4 Bb4+ 7. Nbd2 Bf5 8.
Qb3 Qa5 9. a3 Na6 10. cxd5 Be4 11. Bxa6 Bxd2+ 12. Nxd2 bxa6 13. dxc6 Bxc6 14.
Qb4 Qg5 15. Rg1 Kd7 16. Nb3 Rhb8 17. Nc5+ Ke8 18. Qd2 Rb6 19. b4 Rab8 20. e4 a5
21. Qxg5 hxg5 22. d5 Bd7 23. Ke2 axb4 24. axb4 Rxb4 25. Rxa7 Bb5+ 26. Ke3 Rc4
27. Nb7 Rc7 28. Nd6+ Kd7 29. Rxc7+ Kxc7 30. Nxb5+ Rxb5 31. Rc1+ Kd6 32. Kd4 Rb2
33. Ke3 Ke5 34. f3 Rxg2 35. Rc7 Rxh2 36. Rxf7 Rh7 37. Kf2 Rh2+ 38. Kg3 Rh7 39.
Re7+ Kd6 40. Re6+ Kd7 41. Ra6 Ke7 42. Re6+ Kd7 43. f4 gxf4+ 44. Kxf4 Rh5 45.
Ke3 Rh1 46. Ra6 Re1+ 47. Kf3 Rf1+ 48. Ke2 Rg1 49. Kf2 Rg4 50. Kf3 Rg1 1/2-1/2

[Event "Solingen"]
[Site "IX. Karnevals-Open"]
[Date "2018.02.11"]
[Round "4.26"]
[White "Zamhöfer, Luca"]
[Black "Kublanov, Carolin"]
[Result "1-0"]
[WhiteElo "1395"]
[BlackElo "1774"]
[PlyCount "69"]
[EventDate "2018.??.??"]
[WhiteTeam "SF Essen-Katernberg"]
[BlackTeam "SG Solingen"]

1. e4 e5 2. d4 exd4 3. Nf3 Nc6 4. Bc4 Nf6 5. e5 d5 6. Bb5 Ne4 7. Nxd4 Bd7 8.
Bxc6 bxc6 9. O-O Bc5 10. f3 Ng5 11. f4 Ne4 12. Be3 Rb8 13. b3 O-O 14. Nd2 Nc3
15. Qf3 Qc8 16. Nxc6 d4 17. Nxd4 Bg4 18. Qf2 Qd7 19. N4f3 Be7 20. Bd4 Nd5 21.
Qg3 c5 22. c4 Nb4 23. Bc3 Nc2 24. Rac1 Ne3 25. Rfe1 Nxg2 26. Kxg2 Rb6 27. h3
Bxf3+ 28. Qxf3 Rg6+ 29. Kh2 Bh4 30. Rg1 Qf5 31. Rxg6 Qxg6 32. Rg1 Qc2 33. e6 f6
34. e7 Re8 35. Qd5+ 1-0

[Event "Solingen"]
[Site "IX. Karnevals-Open"]
[Date "2018.02.11"]
[Round "4.27"]
[White "Nalliboyana, Sivaram"]
[Black "Bießner, Eberhard"]
[Result "0-1"]
[WhiteElo "1138"]
[BlackElo "1756"]
[PlyCount "118"]
[EventDate "2018.??.??"]
[WhiteTeam "SV Eichlinghofen"]
[BlackTeam "Rheydter SV"]

1. Nf3 Nf6 2. g3 d5 3. c4 Nc6 4. cxd5 Nxd5 5. Bg2 e5 6. d3 Be7 7. O-O O-O 8.
Nbd2 Kh8 9. Nc4 f6 10. Re1 Rb8 11. e4 Ndb4 12. h3 Qxd3 13. Qxd3 Nxd3 14. Rd1
Nxc1 15. Raxc1 Be6 16. b3 Rfd8 17. Rxd8+ Rxd8 18. g4 g6 19. Rc2 Kg7 20. Kh2 Kf7
21. Kg3 Rd3 22. Ne3 Rd7 23. Bf1 Nd4 24. Nxd4 exd4 25. Nd5 c6 26. Nxe7 Kxe7 27.
Rd2 c5 28. f4 h6 29. f5 Bf7 30. h4 g5 31. h5 Kd6 32. Kf3 Ke5 33. Bd3 a6 34. Rc2
Rc7 35. Bc4 Bxc4 36. Rxc4 b5 37. Rc2 c4 38. bxc4 Rxc4 39. Re2 Rc3+ 40. Kf2 d3
41. Re1 Kd4 42. Rd1 Rc2+ 43. Kf3 Re2 44. Rc1 Rxe4 45. Rc8 Re1 46. Rd8+ Kc3 47.
Rc8+ Kb2 48. Rd8 Kc2 49. Rc8+ Kd2 50. Rd8 Re3+ 51. Kf2 Re4 52. Kf3 Rf4+ 53. Kg2
Ke3 54. Re8+ Re4 55. Rxe4+ Kxe4 56. Kf2 Kd4 57. Ke1 Kc3 58. Kd1 d2 59. a3 a5
0-1

[Event "Solingen"]
[Site "IX. Karnevals-Open"]
[Date "2018.02.11"]
[Round "4.28"]
[White "Herrmann, Markus"]
[Black "Jahrke, Jonas"]
[Result "1/2-1/2"]
[WhiteElo "1774"]
[BlackElo "1744"]
[PlyCount "126"]
[EventDate "2018.??.??"]
[WhiteTeam "Digo Help Geilenkichen"]
[BlackTeam "SF Essen-Katernberg"]

1. f4 d5 2. e3 Nf6 3. Nf3 c5 4. Be2 Nc6 5. d3 g6 6. Nc3 Bg7 7. O-O O-O 8. e4 e6
9. e5 Ne8 10. Na4 b6 11. c3 Nc7 12. d4 c4 13. b3 b5 14. Nc5 Re8 15. Bd2 Na6 16.
Nxa6 Bxa6 17. b4 Bb7 18. a4 a6 19. g4 bxa4 20. Be1 a5 21. b5 Na7 22. Qxa4 Qb6
23. Qxa5 Qxb5 24. Bd2 Qxa5 25. Rxa5 Nc6 26. Rb5 Reb8 27. Rfb1 Bc8 28. Rxb8 Rxb8
29. Rxb8 Nxb8 30. Nh4 Bd7 31. Bf3 Nc6 32. Kf2 Bf8 33. f5 Ba3 34. fxe6 fxe6 35.
Ng2 Na5 36. Ne3 Nb3 37. Ke2 Nxd2 38. Kxd2 Be8 39. Nxd5 exd5 40. Bxd5+ Kf8 41.
Bxc4 Ke7 42. Be2 Ke6 43. Bc4+ Ke7 44. Bb3 Bd7 45. Bd1 Bc6 46. Kd3 Bc1 47. c4
Ke6 48. h4 Bg2 49. Be2 Ba3 50. Ke3 Bc1+ 51. Kf2 Be4 52. Bf3 Bd3 53. c5 Bd2 54.
Bb7 Bc4 55. Bc8+ Kd5 56. e6 Bc3 57. Kf3 Bxd4 58. Kf4 Bxc5 59. h5 Kd6 60. hxg6
hxg6 61. Kg5 Bd3 62. Kf6 Bd4+ 63. Kf7 Bc4 1/2-1/2

[Event "Solingen"]
[Site "IX. Karnevals-Open"]
[Date "2018.02.11"]
[Round "4.29"]
[White "Klugstedt, Vincent"]
[Black "Mukovskiy, Peter"]
[Result "1-0"]
[WhiteElo "1684"]
[BlackElo "1292"]
[PlyCount "47"]
[EventDate "2018.??.??"]
[WhiteTeam "TV Borken"]
[BlackTeam "Düsseldorfer SK"]

1. d4 e6 2. e4 d5 3. Nd2 Nc6 4. Ngf3 Nge7 5. c3 Ng6 6. Bb5 Be7 7. O-O O-O 8.
exd5 Qxd5 9. Bc4 Qd7 10. Re1 a6 11. Ne4 b5 12. Bb3 Na5 13. Bc2 Bb7 14. Bg5 f6
15. Be3 Rfd8 16. Qe2 Bd5 17. b3 Qc6 18. Bd2 Qd7 19. c4 Bxe4 20. Bxe4 Nc6 21.
cxb5 Nxd4 22. Nxd4 Qxd4 23. Bxa8 Rxa8 24. Qxe6+ 1-0

[Event "Solingen"]
[Site "IX. Karnevals-Open"]
[Date "2018.02.11"]
[Round "4.30"]
[White "Scheidtmann, Kian"]
[Black "Büttgenbach, Uwe-Eugen"]
[Result "0-1"]
[WhiteElo "918"]
[BlackElo "1666"]
[PlyCount "112"]
[EventDate "2018.??.??"]
[WhiteTeam "SG Solingen"]
[BlackTeam "Ronsdorfer SV"]

1. e4 c5 2. c4 Nc6 3. Nf3 g6 4. d3 Bg7 5. Nbd2 d6 6. Be2 Nf6 7. O-O Bg4 8. h3
Bd7 9. Rb1 Nb4 10. a3 Na2 11. Nb3 Nxc1 12. Qxc1 Qb6 13. Bd1 O-O 14. Qe3 Ne8 15.
d4 cxd4 16. Nbxd4 Rc8 17. b3 Rxc4 18. bxc4 Qxb1 19. Bb3 Qb2 20. a4 Qa3 21. Nb5
Bxb5 22. cxb5 Bb2 23. Ng5 b6 24. Qf3 Nf6 25. Rd1 Qc5 26. Rd5 Nxd5 27. Bxd5 Qc1+
28. Kh2 Qxg5 29. Qe2 Be5+ 30. g3 Bg7 31. h4 Qe5 32. f4 Qb2 33. Qxb2 Bxb2 34. g4
Rc8 35. e5 dxe5 36. fxe5 Bxe5+ 37. Kg2 Rc3 38. Kf2 Ra3 39. Ke2 Rxa4 40. Ke3
Rxg4 41. Kf3 Rxh4 42. Ke3 Rf4 43. Kd3 g5 44. Bg2 g4 45. Ke3 h5 46. Ke2 h4 47.
Ke1 h3 48. Bh1 g3 49. Bd5 g2 50. Bxg2 hxg2 51. Ke2 g1=Q 52. Kd3 Qd4+ 53. Ke2
Rh4 54. Kf1 Rh2 55. Ke1 Qd2+ 56. Kf1 Qf2# 0-1

[Event "Solingen"]
[Site "IX. Karnevals-Open"]
[Date "2018.02.11"]
[Round "4.31"]
[White "Reinacher, Detlev"]
[Black "Schneider, Ferdinand"]
[Result "1-0"]
[WhiteElo "1661"]
[BlackElo "1116"]
[PlyCount "111"]
[EventDate "2018.??.??"]
[WhiteTeam "SC Hansa Dortmund"]
[BlackTeam "SF Vonkeln"]

1. e4 e5 2. d3 Nf6 3. g3 Bc5 4. Bg2 O-O 5. Nf3 Nc6 6. Nbd2 d5 7. O-O Be6 8. Re1
Ng4 9. Rf1 Qd7 10. c3 Nf6 11. b4 Bb6 12. a4 a6 13. b5 axb5 14. Ba3 Rfe8 15.
axb5 Na7 16. Nxe5 Qxb5 17. exd5 Bxd5 18. c4 Qa5 19. cxd5 Rxe5 20. Bb2 Qb5 21.
Bxe5 Qxd3 22. Bxf6 gxf6 23. Ne4 Qc4 24. Nxf6+ Kg7 25. Qg4+ Qxg4 26. Nxg4 Re8
27. Rfe1 Rxe1+ 28. Rxe1 Bc5 29. Rc1 Bd6 30. f4 b5 31. Ne5 b4 32. Nc4 Bc5+ 33.
Kf1 b3 34. Be4 Bd4 35. Ke2 Nb5 36. Kd3 b2 37. Rb1 Nc3 38. Rxb2 Nd1 39. Kxd4
Nxb2 40. Nxb2 Kf6 41. g4 Ke7 42. Bxh7 Kd6 43. Nc4+ Kd7 44. Kc5 Kc8 45. Kc6 Kb8
46. Bf5 f6 47. Be6 f5 48. Bxf5 Ka8 49. Kxc7 Ka7 50. d6 Ka6 51. d7 Ka7 52. d8=Q
Ka6 53. Be4 Kb5 54. Qd5+ Ka6 55. Qc6+ Ka7 56. Qb7# 1-0

[Event "Solingen"]
[Site "IX. Karnevals-Open"]
[Date "2018.02.11"]
[Round "4.34"]
[White "Fodor, Bernhard"]
[Black "Illner, Jan"]
[Result "0-1"]
[WhiteElo "1310"]
[BlackElo "1462"]
[PlyCount "34"]
[EventDate "2018.??.??"]
[WhiteTeam "SG Solingen"]
[BlackTeam "SG Bochum"]

1. f4 d5 2. Nf3 Nf6 3. d3 g6 4. g3 Bg7 5. Bg2 O-O 6. O-O c5 7. Nc3 Nc6 8. Rb1
b6 9. Re1 Bb7 10. e4 dxe4 11. Nxe4 Nxe4 12. Rxe4 Nd4 13. Nxd4 Bxd4+ 14. Rxd4
Qxd4+ 15. Kh1 Bxg2+ 16. Kxg2 Qd5+ 17. Qf3 Qxa2 0-1

[Event "Solingen"]
[Site "IX. Karnevals-Open"]
[Date "2018.02.11"]
[Round "4.35"]
[White "Albrecht, Philipp"]
[Black "Hufnagel, Markus"]
[Result "0-1"]
[WhiteElo "1021"]
[BlackElo "1693"]
[PlyCount "80"]
[EventDate "2018.??.??"]
[WhiteTeam "SF Brett vor'm Kopp Duisburg"]
[BlackTeam "SW Oberhausen"]

1. d4 Nf6 2. Nf3 d5 3. Bf4 e6 4. e3 Be7 5. Bd3 Nbd7 6. Nbd2 O-O 7. O-O c5 8. c3
Nh5 9. Bg5 Bxg5 10. Nxg5 Qxg5 11. f4 Qh6 12. Rf3 f5 13. Rh3 Ndf6 14. Nf3 c4 15.
Be2 Ng4 16. Ne5 Nxe3 17. Rxh5 Qxh5 18. Bxh5 Nxd1 19. Rxd1 g6 20. Be2 b5 21. Rf1
a5 22. Rf3 b4 23. Bd1 bxc3 24. bxc3 Rb8 25. Ba4 Rb2 26. Rf2 Rxf2 27. Kxf2 Kg7
28. Nc6 Bd7 29. Bb5 Bxc6 30. Bxc6 Rb8 31. a4 Rb3 32. Bd7 Kf6 33. Bb5 Rxc3 34.
Ke1 Rd3 35. g3 Rxd4 36. Ke2 e5 37. fxe5+ Kxe5 38. Ke3 g5 39. Be8 c3 40. Bh5 c2
0-1

[Event "Solingen"]
[Site "IX. Karnevals-Open"]
[Date "2018.02.11"]
[Round "4.36"]
[White "Tanz, Manfred"]
[Black "Ehringfeld, Michael"]
[Result "0-1"]
[WhiteElo "1627"]
[BlackElo "1624"]
[PlyCount "124"]
[EventDate "2018.??.??"]
[WhiteTeam "vereinslos"]
[BlackTeam "SG Solingen"]

1. f4 e6 2. Nf3 b6 3. e4 Bb7 4. e5 d5 5. d4 c5 6. c3 Nc6 7. Be2 Nge7 8. Be3
cxd4 9. cxd4 Nf5 10. Bf2 Bb4+ 11. Nc3 Rc8 12. O-O Bxc3 13. bxc3 O-O 14. Bd3 Na5
15. g4 Nh6 16. g5 Nf5 17. Bxf5 exf5 18. Be1 Nc4 19. Qe2 Re8 20. h4 Nd6 21. h5
Ne4 22. Rc1 Qd7 23. Nh4 Qa4 24. Nxf5 Ba6 25. Qg2 Bxf1 26. Kxf1 Qc4+ 27. Kg1 Re6
28. Ne3 Qc6 29. f5 Ree8 30. Qg4 Qb5 31. f6 Qb2 32. Rc2 Qb1 33. Kf1 Kh8 34. Qd1
Qxd1 35. Nxd1 Nxg5 36. fxg7+ Kxg7 37. Rg2 Kh6 38. Bd2 Rg8 39. Nf2 Kxh5 40. Rg3
Ne4 41. Rh3+ Kg6 42. Nxe4 dxe4 43. Rh6+ Kf5 44. Rf6+ Kg4 45. Rf4+ Kh3 46. Rxe4
Rg2 47. Be1 Rg4 48. Re3+ Kh2 49. Re2+ Kh1 50. Re3 Rg1+ 51. Ke2 Rg2+ 52. Kf1
Rcg8 53. Rh3+ Rh2 54. Rxh2+ Kxh2 55. a4 h5 56. d5 Kh3 57. c4 Kg4 58. d6 Kf5 59.
Bh4 Ke6 60. Bf6 Rg4 61. a5 Rxc4 62. axb6 axb6 0-1

[Event "Solingen"]
[Site "IX. Karnevals-Open"]
[Date "2018.02.11"]
[Round "4.37"]
[White "Flesch, Dr. Stefan"]
[Black "Coenen, Siegfried"]
[Result "1/2-1/2"]
[WhiteElo "2081"]
[BlackElo "1921"]
[PlyCount "88"]
[EventDate "2018.??.??"]
[WhiteTeam "SG Solingen"]
[BlackTeam "SG Hochneukirch"]

1. d4 d5 2. Nf3 Nf6 3. e3 e6 4. Bd3 Nbd7 5. b3 Bd6 6. Bb2 c6 7. O-O Qc7 8. Nbd2
e5 9. e4 exd4 10. Bxd4 O-O 11. exd5 Nxd5 12. Ne4 Bf4 13. c4 Nb4 14. Bb1 c5 15.
Bc3 Rd8 16. a3 Ne5 17. Qe2 Nbc6 18. Nxe5 Nxe5 19. h3 Ng6 20. Qh5 b6 21. Ng5 h6
22. Nxf7 Bh2+ 23. Kh1 Nf4 24. Nxh6+ Kf8 25. Qf7+ Qxf7 26. Nxf7 Kxf7 27. Kxh2
Bb7 28. f3 Ne2 29. Be4 Bxe4 30. fxe4+ Kg6 31. Rf3 Rf8 32. Raf1 Rfe8 33. Re3
Nxc3 34. Rxc3 Rxe4 35. Rg3+ Kh6 36. Rf7 g6 37. Rd3 Re6 38. Rdd7 a5 39. h4 Rh8
40. Rfe7 Rf6 41. Kg3 g5 42. hxg5+ Kxg5 43. Rf7 Re6 44. Rfe7 Rf6 1/2-1/2

[Event "Solingen"]
[Site "IX. Karnevals-Open"]
[Date "2018.02.11"]
[Round "5.1"]
[White "Dresen, Ulrich"]
[Black "Wegerle, Jörg"]
[Result "0-1"]
[WhiteElo "2221"]
[BlackElo "2420"]
[PlyCount "68"]
[EventDate "2018.??.??"]
[WhiteTeam "SF Gerresheim"]
[BlackTeam "SG Solingen"]

1. d4 d5 2. Bf4 c6 3. e3 Qb6 4. Qc1 Bf5 5. Nf3 e6 6. Nbd2 Be7 7. Be2 Nf6 8. O-O
Nbd7 9. c4 Ne4 10. Nxe4 dxe4 11. Ne5 Nxe5 12. Bxe5 f6 13. c5 Qd8 14. Bg3 h5 15.
f3 h4 16. Be1 g5 17. Qc4 Qd7 18. Rc1 exf3 19. Bxf3 g4 20. Be2 g3 21. hxg3 h3
22. Bf3 hxg2 23. Bxg2 Bh3 24. Rc2 O-O-O 25. Rff2 Bxg2 26. Rxg2 f5 27. Rh2 Bg5
28. Qd3 Qd5 29. Rxh8 Rxh8 30. Rh2 Rxh2 31. Kxh2 Qf3 32. Bd2 f4 33. gxf4 Bxf4+
34. Kg1 Bg3 0-1

[Event "Solingen"]
[Site "IX. Karnevals-Open"]
[Date "2018.02.11"]
[Round "5.2"]
[White "Küppers, Timo"]
[Black "Michalczak, Thomas"]
[Result "1/2-1/2"]
[WhiteElo "2194"]
[BlackElo "2283"]
[PlyCount "63"]
[EventDate "2018.??.??"]
[WhiteTeam "SF Essen-Katernberg"]
[BlackTeam "SG Solingen"]

1. Nf3 Nf6 2. c4 g6 3. Nc3 Bg7 4. d4 O-O 5. e4 d6 6. Be2 a5 7. O-O Na6 8. Rb1
Qe8 9. h3 e5 10. dxe5 dxe5 11. Be3 c6 12. a3 Nh5 13. Na4 f5 14. Nb6 f4 15. Bd2
Rb8 16. Nxc8 Rxc8 17. Bxa5 Nc5 18. Qc2 Nf6 19. Bd3 Nfd7 20. Rfd1 Bf6 21. Bc3 g5
22. b4 Ne6 23. c5 Kh8 24. Bc4 Nd4 25. Nxd4 exd4 26. Bxd4 f3 27. e5 Nxe5 28. Re1
Rc7 29. Rxe5 Bxe5 30. Re1 Bxd4 31. Rxe8 Rxe8 32. gxf3 1/2-1/2

[Event "Solingen"]
[Site "IX. Karnevals-Open"]
[Date "2018.02.11"]
[Round "5.3"]
[White "Marcziter, Dr. Dmitrii"]
[Black "Chittka, Julius"]
[Result "1/2-1/2"]
[WhiteElo "2277"]
[BlackElo "2182"]
[PlyCount "47"]
[EventDate "2018.??.??"]
[WhiteTeam "DJK Aufwärts Aachen"]
[BlackTeam "SF Düsseldorf-Süd"]

1. d4 Nf6 2. c4 g6 3. g3 c6 4. Bg2 d5 5. Nf3 Bg7 6. Nc3 dxc4 7. a4 O-O 8. Ne5
Ng4 9. Nf3 Nf6 10. O-O Na6 11. h3 Nb4 12. Ne5 Be6 13. a5 c5 14. dxc5 Qc7 15.
Bf4 g5 16. Nc6 gxf4 17. Nxb4 Qxc5 18. Qa4 fxg3 19. a6 gxf2+ 20. Rxf2 b5 21.
Qxb5 Qxb5 22. Nxb5 Rab8 23. Bb7 Bc8 24. Nc6 1/2-1/2

[Event "Solingen"]
[Site "IX. Karnevals-Open"]
[Date "2018.02.11"]
[Round "5.4"]
[White "Coenen, Michael"]
[Black "Neubauer, Jürgen"]
[Result "1-0"]
[WhiteElo "2365"]
[BlackElo "2046"]
[PlyCount "91"]
[EventDate "2018.??.??"]
[WhiteTeam "Düsseldorfer SK"]
[BlackTeam "SK Turm Euskirchen"]

1. e4 g6 2. d4 Bg7 3. Nc3 d6 4. Bc4 Nd7 5. Nf3 h6 6. e5 Nb6 7. Bb3 dxe5 8. Nxe5
Bxe5 9. dxe5 Qxd1+ 10. Nxd1 e6 11. Nc3 Bd7 12. a4 Ne7 13. a5 Nbd5 14. Ne4 Bc6
15. Bd2 O-O-O 16. O-O-O g5 17. Rhe1 Ng6 18. Nc5 Nh4 19. g3 Nf3 20. Re2 g4 21.
Ne4 Nxh2 22. Rh1 Nf3 23. Rh5 Bb5 24. Re3 Nxe3 25. Bxe3 b6 26. c3 Kb7 27. Nf6
Ne1 28. Nxg4 Be2 29. Rh4 Bxg4 30. Rxg4 Nd3+ 31. Kb1 Nxe5 32. Ra4 h5 33. Bd4 f6
34. Bxe6 c5 35. Be3 Rd6 36. Bf5 Rd1+ 37. Kc2 Rhd8 38. Be4+ Ka6 39. axb6+ Kxb6
40. b4 Nc6 41. Bxc5+ Kc7 42. b5 R8d2+ 43. Kb3 Ne5 44. Rxa7+ Kd8 45. b6 Nd3 46.
Be7+ 1-0

[Event "Solingen"]
[Site "IX. Karnevals-Open"]
[Date "2018.02.11"]
[Round "5.5"]
[White "Nagel, Bernhard"]
[Black "Görke, Joachim"]
[Result "1-0"]
[WhiteElo "2206"]
[BlackElo "2122"]
[PlyCount "113"]
[EventDate "2018.??.??"]
[WhiteTeam "Kölner SK Dr. Lasker"]
[BlackTeam "SG Solingen"]

1. Nf3 f5 2. d3 d6 3. e4 e5 4. Nc3 Nf6 5. d4 exd4 6. Nxd4 fxe4 7. Bg5 Be7 8.
Bc4 c6 9. Bxf6 Bxf6 10. Nxe4 d5 11. Nxf6+ Qxf6 12. Be2 O-O 13. O-O Nd7 14. c3
Nc5 15. Bd3 Ne6 16. Nxe6 Bxe6 17. Qd2 c5 18. Rae1 Bf7 19. Re3 Rad8 20. Rf3 Qd6
21. Qg5 Bg6 22. Bxg6 Rxf3 23. Bxh7+ Kxh7 24. Qh5+ Kg8 25. Qxf3 d4 26. cxd4 cxd4
27. Qd3 g6 28. g3 Kg7 29. Re1 Rd7 30. h4 Qd5 31. a3 b5 32. Qe4 Qxe4 33. Rxe4 d3
34. Re1 Kf6 35. Kg2 b4 36. axb4 Rd4 37. Rd1 Ke5 38. Kf3 Rxb4 39. Rxd3 Rxb2 40.
Ra3 Rb7 41. Ra6 Kf5 42. g4+ Ke5 43. Kg3 Rg7 44. f3 Kd4 45. Kf4 Kc5 46. Kg5 Kb5
47. Rxg6 Rh7 48. h5 a5 49. h6 a4 50. Rg7 Rh8 51. Ra7 Rg8+ 52. Kh5 Rf8 53. h7
Rxf3 54. Kg6 Rh3 55. Kg7 Rh4 56. h8=Q Rxg4+ 57. Kf6 1-0

[Event "Solingen"]
[Site "IX. Karnevals-Open"]
[Date "2018.02.11"]
[Round "5.6"]
[White "Peschel, Andreas"]
[Black "Knudsen, Simon"]
[Result "1/2-1/2"]
[WhiteElo "2185"]
[BlackElo "2084"]
[PlyCount "69"]
[EventDate "2018.??.??"]
[WhiteTeam "SG Solingen"]
[BlackTeam "SF Brackel"]

1. c4 e5 2. Nc3 Nf6 3. g3 d5 4. cxd5 Nxd5 5. Bg2 Nb6 6. Nf3 Nc6 7. O-O Be7 8.
Rb1 f6 9. a3 Be6 10. b4 O-O 11. d3 a5 12. b5 Nd4 13. e3 Nxf3+ 14. Bxf3 Nd5 15.
Bb2 Qd7 16. Nxd5 Bxd5 17. Bxd5+ Qxd5 18. Qc2 c6 19. bxc6 Rac8 20. c7 Bd6 21. e4
Qe6 22. Qa4 Bxc7 23. Rfc1 Rfd8 24. Qc4 Qxc4 25. Rxc4 Bd6 26. a4 Rxc4 27. dxc4
Bc5 28. Bc3 b6 29. Kf1 Rd3 30. Rc1 Rf3 31. Rc2 Kf7 32. Kg2 Rd3 33. Kf1 Rf3 34.
Kg2 Rd3 35. Kf1 1/2-1/2

[Event "Solingen"]
[Site "IX. Karnevals-Open"]
[Date "2018.02.11"]
[Round "5.7"]
[White "Vranidis, Athanassios"]
[Black "Terhuven, Patrick"]
[Result "0-1"]
[WhiteElo "1958"]
[BlackElo "2112"]
[PlyCount "84"]
[EventDate "2018.??.??"]
[WhiteTeam "SG Solingen"]
[BlackTeam "Krefelder SK Turm"]

1. d4 Nf6 2. c4 e6 3. Nc3 Bb4 4. Qc2 O-O 5. a3 Bxc3+ 6. Qxc3 d5 7. Nf3 dxc4 8.
Qxc4 b6 9. Bg5 Ba6 10. Qa4 Qd7 11. Qc2 c5 12. Bxf6 gxf6 13. Qe4 Nc6 14. dxc5
Rfd8 15. g3 Ne5 16. Qc2 Rac8 17. Nxe5 fxe5 18. Rd1 Qc6 19. Rxd8+ Rxd8 20. e4
bxc5 21. Bxa6 Qxa6 22. Qe2 Qxe2+ 23. Kxe2 Rb8 24. Rb1 Rb3 25. Kd2 Kf8 26. h3
Ke7 27. Ke1 Kd6 28. Rd1+ Kc6 29. Rd2 a5 30. Ke2 c4 31. Rc2 Kc5 32. f3 f5 33.
exf5 exf5 34. g4 f4 35. h4 a4 36. g5 Kd5 37. Rd2+ Ke6 38. Rc2 Kf5 39. Rxc4
Rxb2+ 40. Kd3 Rb3+ 41. Rc3 e4+ 42. fxe4+ Kg4 0-1

[Event "Solingen"]
[Site "IX. Karnevals-Open"]
[Date "2018.02.11"]
[Round "5.8"]
[White "Jacobi, Niklas"]
[Black "Flesch, Dr. Stefan"]
[Result "1/2-1/2"]
[WhiteElo "1926"]
[BlackElo "2081"]
[PlyCount "57"]
[EventDate "2018.??.??"]
[WhiteTeam "SV Wesel"]
[BlackTeam "SG Solingen"]

1. e4 g6 2. d4 Bg7 3. Nf3 d6 4. Bd3 Nd7 5. O-O e6 6. c3 Ne7 7. Be3 b6 8. Nbd2
Bb7 9. a4 a6 10. Re1 O-O 11. h3 h6 12. Nf1 e5 13. dxe5 dxe5 14. N3d2 f5 15. f3
f4 16. Bf2 Kh7 17. b4 Nc6 18. Nb3 Bf6 19. Ra2 Qe7 20. a5 Rfd8 21. Rd2 Bc8 22.
axb6 cxb6 23. b5 axb5 24. Bxb5 Bb7 25. Qe2 Bh4 26. Bxh4 Qxh4 27. Red1 Qe7 28.
Rd6 Nc5 29. Rxd8 1/2-1/2

[Event "Solingen"]
[Site "IX. Karnevals-Open"]
[Date "2018.02.11"]
[Round "5.9"]
[White "Scholzen, Wolfgang"]
[Black "Arakelian, Aik"]
[Result "1-0"]
[WhiteElo "2062"]
[BlackElo "1924"]
[PlyCount "135"]
[EventDate "2018.??.??"]
[WhiteTeam "SK Turm Euskirchen"]
[BlackTeam "SG Ennepe-Ruhr-Süd"]

1. d4 c5 2. e3 e6 3. Nf3 Nf6 4. Bd3 Be7 5. O-O d5 6. b3 b6 7. Ne5 O-O 8. Bb2
Nfd7 9. f4 f6 10. Qh5 f5 11. Nd2 Nf6 12. Qh3 Qd6 13. g4 Ne4 14. Ndf3 Nd7 15. g5
Nxe5 16. Nxe5 Rb8 17. Bxe4 dxe4 18. g6 h6 19. dxc5 Qxc5 20. Nf7 Rxf7 21. gxf7+
Kxf7 22. c4 Bf6 23. Bxf6 Kxf6 24. Kh1 Bd7 25. Rg1 Be8 26. Rg3 Qf8 27. Rag1 g6
28. Qh4+ Kg7 29. Rh3 Kh7 30. Rd1 h5 31. Rg3 Rc8 32. Rg2 Bc6 33. Qg5 Qf7 34.
Rgd2 e5 35. Rd6 exf4 36. Qxf4 Qg7 37. R1d4 Qe7 38. h4 Kg7 39. Qg3 Be8 40. R6d5
Qf6 41. Kg2 b5 42. c5 Bf7 43. Rd6 f4 44. Rxf6 fxg3 45. Ra6 Rxc5 46. Rxa7 Kf6
47. Kxg3 Rf5 48. Rxe4 g5 49. Ra6+ Kg7 50. hxg5 Rxg5+ 51. Kh4 Rg1 52. Rf4 Be8
53. Rf3 Rg4+ 54. Kh3 Re4 55. Rg3+ Kf7 56. Kh2 h4 57. Rf3+ Ke7 58. Rf4 Rxe3 59.
Rxh4 Re5 60. Rh7+ Kf8 61. Kg3 Kg8 62. Rha7 Bf7 63. Kf4 Re1 64. Rb6 Rf1+ 65. Ke5
Re1+ 66. Kd4 Rd1+ 67. Kc5 Rd5+ 68. Kb4 1-0

[Event "Solingen"]
[Site "IX. Karnevals-Open"]
[Date "2018.02.11"]
[Round "5.10"]
[White "Sperling, Lennart"]
[Black "Gerlach, Felix"]
[Result "1/2-1/2"]
[WhiteElo "2043"]
[BlackElo "1893"]
[PlyCount "49"]
[EventDate "2018.??.??"]
[WhiteTeam "SG Kaarst"]
[BlackTeam "SF Brackel"]

1. d4 Nf6 2. c4 g6 3. g3 Bg7 4. Bg2 O-O 5. Nc3 d6 6. Nf3 Nc6 7. O-O Bf5 8. d5
Na5 9. Nd2 c5 10. e4 Bd7 11. Qc2 a6 12. b3 b5 13. Bb2 Rb8 14. Rab1 e5 15. Ne2
Nh5 16. f4 bxc4 17. bxc4 Rxb2 18. Qxb2 exf4 19. Qb6 fxg3 20. Qxd6 Bh6 21. Nf3
Nxc4 22. Qxa6 Ne3 23. hxg3 Nxf1 24. Kxf1 Nf6 25. Ne5 1/2-1/2

[Event "Solingen"]
[Site "IX. Karnevals-Open"]
[Date "2018.02.11"]
[Round "5.11"]
[White "Bruil, Rembrandt"]
[Black "Becker, Carsten"]
[Result "1-0"]
[WhiteElo "1976"]
[BlackElo "1847"]
[PlyCount "41"]
[EventDate "2018.??.??"]
[WhiteTeam "SK Turm Kleve"]
[BlackTeam "SF Vonkeln"]

1. Nf3 Nf6 2. c4 c5 3. Nc3 b6 4. g3 Bb7 5. Bg2 e6 6. O-O a6 7. b3 Qc7 8. Bb2
Nc6 9. e3 Ne5 10. Nxe5 Bxg2 11. Kxg2 Qxe5 12. Nd5 Qxb2 13. Nc7+ Kd8 14. Nxa8 b5
15. a4 bxc4 16. Rb1 Qe5 17. bxc4 h5 18. d4 Qf5 19. Rb8+ Ke7 20. Nb6 h4 21. Nc8+
1-0

[Event "Solingen"]
[Site "IX. Karnevals-Open"]
[Date "2018.02.11"]
[Round "5.12"]
[White "Gutkin, Ilya"]
[Black "Asadzade, Idris"]
[Result "1-0"]
[WhiteElo "1891"]
[BlackElo "1971"]
[PlyCount "97"]
[EventDate "2018.??.??"]
[WhiteTeam "ESK WD Wedau"]
[BlackTeam "Königsspringer Leverkusen"]

1. e4 c5 2. Nc3 g6 3. g3 Bg7 4. Bg2 Nc6 5. Nge2 Nf6 6. d3 d6 7. O-O h5 8. h3 h4
9. g4 Bd7 10. Be3 a6 11. Qd2 Qc7 12. Rfe1 e5 13. a3 Nd4 14. b4 Qc8 15. f3 Nh7
16. Nd5 Qd8 17. Rab1 b5 18. c3 Nxe2+ 19. Rxe2 Rc8 20. bxc5 dxc5 21. f4 exf4 22.
Bxf4 Be6 23. c4 bxc4 24. dxc4 O-O 25. Rb7 Bxd5 26. exd5 Bd4+ 27. Kh1 g5 28. Be5
Re8 29. Bxd4 Rxe2 30. Qxe2 cxd4 31. Qf2 Qf6 32. Qxf6 Nxf6 33. Rb6 Kg7 34. Bf1
Ne4 35. Kg2 Nd2 36. d6 Nxf1 37. Kxf1 d3 38. d7 Rd8 39. Rd6 Kf8 40. Ke1 Ke7 41.
Rxd3 Rxd7 42. Rxd7+ Kxd7 43. Kd2 Kc6 44. Kd3 a5 45. Kc3 f5 46. gxf5 g4 47. f6
gxh3 48. f7 h2 49. f8=Q 1-0